000 00639nam a2200181Ia 4500
003 GCL
008 140319s9999 xx 000 0 ara d
040 _aGCL /
_cGCL
082 0 4 _a332.631
_bع ا
100 1 _aعبدالعزيز فهمى هيكل
245 1 0 _aاساليب تقييم الاستثمارات مدخل الى دراسات الجدوى باستخدام الكمبيوتر /
_cعبدالعزيز فهمى هيكل
260 _aبيروت :
_bدار الراتب الجامعية ،
_c1985
300 _a286 ص ؛
_c24 سم
490 _a
650 0 4 _aالضرائب
650 0 4 _aالاستثمار
942 _2ddc
_cBK
999 _c55095
_d55095